[Event "Sautron op 16th"]
[Site "Sautron"]
[Date "2016.10.29"]
[Round "9.4"]
[White "Maiorov, Nikita"]
[Black "Ider, Borya"]
[Result "1-0"]
[WhiteElo "2535"]
[BlackElo "2463"]
[Annotator "RR"]
[PlyCount "117"]
[EventDate "2016.10.22"]
[EventType "swiss"]
[EventRounds "9"]
[EventCountry "FRA"]
[SourceTitle "EXT 2019"]
[Source "ChessBase"]
[SourceDate "2018.10.10"]
[SourceVersion "1"]
[SourceVersionDate "2018.10.10"]
[SourceQuality "1"]
[TimeControl "40/5400+30:1800+30"]
[WhiteClock "0:33:41"]
[BlackClock "0:51:03"]

1. d4 {[%emt 0:00:04]} e6 {[%emt 0:00:00]} 2. c4 {[%emt 0:00:11]} Nf6 {[%emt 0:
00:00]} 3. Nc3 {[%emt 0:00:03]} Bb4 {[%emt 0:00:00]} 4. Qc2 {[%emt 0:00:03]} d5
{[%emt 0:00:14]} (4... O-O) (4... c5) 5. cxd5 {[%emt 0:01:41]} exd5 {[%emt 0:
00:06]} 6. Bg5 {[%emt 0:00:03]} c5 {[%emt 0:00:05]} 7. dxc5 {[%emt 0:00:51]} h6
{[%emt 0:00:12]} 8. Bh4 {[%emt 0:00:17]} g5 {[%emt 0:00:04]} 9. Bg3 {[%emt 0:
00:07]} Ne4 {[%emt 0:00:04]} 10. Bxb8 {[%emt 0:00:37]} (10. Nf3 Qa5 11. Nd2
Nxc3 12. bxc3 Bxc3 13. Rb1 Nc6 14. e3 Bb4 15. h4 gxh4 16. Rxh4 Qxc5 17. Qa4 Ba5
18. Bb5 Bd7 19. Qf4 Qc2 20. Bxc6 Qxd2+ 21. Kf1 Qd3+ 22. Kg1 Qxb1+ 23. Kh2 Bxc6
24. Qe5+ Kd7 25. e4 Rhe8 26. Qf5+ Kd8 27. Qxf7 Bd7 28. Qf6+ Kc8 29. exd5 b6 30.
Rc4+ Kb7 31. Rc7+ Ka6 32. Rxd7 Re1 {0-1 (32) Grandelius,N (2632)-Yu,Y (2736)
Doha 2015}) 10... Bxc3+ {[%emt 0:01:25]} 11. bxc3 {[%emt 0:00:03]} Rxb8 {
[%emt 0:00:05]} 12. e3 {[%emt 0:06:32] Le GMI commence à réfléchir et il
décide d'éviter l'alternative Qa4} (12. Qa4+ Bd7 13. Qd4 O-O 14. f3 Nf6 15.
g4 $1 {[%cal Gh2h4] Bloquant le P pour renforcer l'attaque h4} b6 16. c6 Bxc6
17. h4 $36 {Jakovenko,D (2760)-Gelfand,B (2755) Jermuk FIDE GP 2009 (4) 1/2})
12... Qa5 {[%emt 0:01:17]} 13. Rc1 $146 {[%emt 0:01:56]} (13. Bd3 Qxc3+ 14.
Qxc3 Nxc3 15. Kd2 Ne4+ 16. Bxe4 dxe4 17. Ne2 Be6 18. Rhb1 Kd7 19. Nd4 Rhc8 20.
Rb5 b6 21. cxb6 Rxb6 22. a4 Rc4 23. Rxb6 axb6 24. a5 bxa5 25. Rxa5 Rb4 26. Ra7+
Kd6 27. Ra6+ Kd5 28. Nxe6 fxe6 29. Ra5+ Kd6 30. g3 Rb2+ 31. Ke1 Rb1+ 32. Ke2
Rh1 33. h4 gxh4 34. Rh5 h3 35. Rxh6 {1/2-1/2 (35) Kobalia,M (2644)-Balogh,C 
(2531) Warsaw 2005}) 13... Bd7 {[%emt 0:06:02]} 14. Nf3 {[%emt 0:02:12]} Rc8 {
[%emt 0:08:15]} 15. Bd3 {[%emt 0:00:58]} (15. Be2 {Plus souple} Nxc5 16. O-O
$14 {[%csl Rd5,Re8][%cal Gf3d4,Ge2f3]}) 15... Nxc5 $132 {[%emt 0:00:55]} 16.
O-O {[%emt 0:00:25]} Nxd3 {[%emt 0:01:51]} 17. Qxd3 {[%emt 0:02:10]} O-O {
[%emt 0:00:06][%cal Gd7b5,Gb5f1]} 18. Qd2 {[%emt 0:13:18]} (18. Rfd1 Bb5 19.
Qxd5 Rfd8) 18... Rc7 {[%emt 0:07:44]} 19. Nd4 {[%emt 0:01:50]} Rfc8 {[%emt 0:
02:48]} 20. f4 $1 {[%emt 0:01:11][%csl Rg8][%cal Gf1f7,Gf4g5,Gd2g5] Non
seulement l'aile-roi Noire est affaiblie mais la Qa5 est assez mal placée
pour défendre sur l'autre aile} Rxc3 {[%emt 0:08:12]} 21. Nb3 $1 {[%emt 0:25:
12][%cal Gb3a5,Gb3c1,Gd2d5] Un coup multifonction} Qc7 {[%emt 0:08:31][%cal
Gc7f4,Gc7e5]} 22. fxg5 {[%emt 0:00:23]} Qe5 {[%emt 0:00:13]} 23. gxh6 {[%emt 0:
03:34]} Qxe3+ $2 {[%emt 0:03:06] L'échange des Q ne va pas soulager les Noirs}
24. Qxe3 {[%emt 0:00:05]} Rxe3 {[%emt 0:00:03]} 25. h7+ $1 {[%emt 0:07:51] La
pointe oubliée par le français et le GMI garde le P.} Kxh7 {[%emt 0:02:09]} (
25... Kh8 26. Rxf7 Be6 (26... Ba4 27. Rxb7 $40 {[%csl Gb7,Gh7]}) 27. Rxc8+ Bxc8
28. Rf8+) 26. Rxf7+ {[%emt 0:00:35]} Kg8 {[%emt 0:01:16]} 27. Rxd7 {[%emt 0:05:
45]} (27. Rxc8+ {Semblait plus simple} Kxf7 28. Rc7 Re7 29. Rxb7 Bf5) 27...
Rxc1+ {[%emt 0:00:09]} 28. Nxc1 {[%emt 0:00:03]} Re1+ {[%emt 0:00:04]} 29. Kf2
{[%emt 0:00:04]} Rxc1 {[%emt 0:00:04]} 30. Rxd5 {[%emt 0:01:12]} Rc2+ {[%emt 0:
03:12]} 31. Kf3 {[%emt 0:00:09]} Rxa2 {[%emt 0:00:41]} 32. Rd8+ {[%emt 0:00:03]
} Kf7 {[%emt 0:00:08]} 33. Rd7+ {[%emt 0:00:02]} Kg6 {[%emt 0:00:06]} 34. Rxb7
{[%emt 0:00:04][%csl Gg2,Gh2] Les Blancs ont des trés bonnes chances de gain
avec la majorité et au surplus la Ra2 va géner la progression du P "a7"} Ra3+
{[%emt 0:00:04]} 35. Kf4 {[%emt 0:01:08]} Ra4+ {[%emt 0:00:17]} 36. Kg3 {
[%emt 0:00:24]} Ra3+ {[%emt 0:00:09]} 37. Kh4 {[%emt 0:00:08][%cal Gg2g4]} Ra2
{[%emt 0:00:03]} 38. Kh3 {[%emt 0:00:56]} a6 {[%emt 0:12:06]} 39. Rc7 {[%emt 0:
04:06][%cal Gc7c6,Gc6g6,Gc6a6]} Ra5 {[%emt 0:01:42]} 40. g3 {[%emt 0:00:00]}
Kg5 {[%emt 0:00:00]} 41. Rc2 {[%emt 0:07:47]} Rb5 {[%emt 0:00:36]} 42. Kg2 {
[%emt 0:00:13]} (42. Ra2 a5 43. Kg2 Rc5 44. h4+ Kg4 45. Ra4+ Kf5 46. Kh3 {
[%cal Gg3g4]}) 42... a5 {[%emt 0:00:14]} 43. h4+ {[%emt 0:01:19]} Kg6 {[%emt 0:
01:55]} 44. Kh3 {[%emt 0:00:52][%cal Gc2c6,Gc6a6,Gc6g6]} Rb6 {[%emt 0:07:15]}
45. Ra2 {[%emt 0:01:30]} Ra6 {[%emt 0:00:15]} 46. Ra4 {[%emt 0:00:04]} Kf5 {
[%emt 0:00:04]} 47. g4+ {[%emt 0:00:11]} Kg6 {[%emt 0:00:05]} 48. Kg3 {[%emt 0:
00:28]} Ra8 {[%emt 0:00:06]} 49. h5+ {[%emt 0:06:35]} Kg5 {[%emt 0:00:14]} 50.
Rc4 {[%emt 0:00:12]} Kh6 {[%emt 0:01:02]} (50... a4 51. Rc5+ Kf6 52. g5+ Kg7
53. Rc7+ Kg8 $13 {[%csl Ga4][%cal Ga4a1]}) 51. Rc7 {[%emt 0:01:17]} Rb8 {
[%emt 0:08:54]} (51... a4 52. Kh4 Ra5 53. g5+ Rxg5 54. Rc6+ {[%csl Rg5]}) 52.
Rc6+ {[%emt 0:02:13]} Kh7 {[%emt 0:00:49]} 53. Ra6 $1 {[%emt 0:00:04]} Rb5 {
[%emt 0:00:18]} 54. Kh4 {[%emt 0:00:11][%cal Gh5h6,Gg4g5] Les Noirs sont
proches du zugzwang} Rc5 {[%emt 0:00:13]} 55. Ra7+ $1 {[%emt 0:00:11]} (55. h6
Rc1 56. g5 Rh1+ 57. Kg4 Rg1+ 58. Kf4 Rf1+ 59. Ke4 Rg1 60. Rxa5 Kg6 61. Kf4 Rf1+
{[%csl Rf4] Et le K Blanc est trop exposé, les Noirs ayant la distance de
sécurité pour la R}) 55... Kg8 {[%emt 0:00:15]} (55... Kh6 56. g5+ Rxg5 $4
57. Ra6+ {[%csl Rg5,Rh6]}) 56. h6 {[%emt 0:00:59]} Rb5 {[%emt 0:00:44]} 57. g5
{[%emt 0:00:07]} Rc5 {[%emt 0:01:22]} 58. Kh5 {[%emt 0:01:05]} Rb5 {[%emt 0:00:
08]} 59. h7+ {[%emt 0:04:15]} 1-0

[Event "Sautron op 15th"]
[Site "Sautron"]
[Date "2015.10.24"]
[Round "7.3"]
[White "Migot, Tangi"]
[Black "Le Roux, Jean Pierre"]
[Result "1/2-1/2"]
[WhiteElo "2399"]
[BlackElo "2572"]
[Annotator "RR"]
[PlyCount "104"]
[EventDate "2015.10.24"]
[EventType "swiss"]
[EventRounds "9"]
[EventCountry "FRA"]
[SourceTitle "CBM 169 Extra"]
[Source "ChessBase"]
[SourceDate "2015.12.18"]
[SourceVersion "1"]
[SourceVersionDate "2015.12.18"]
[SourceQuality "1"]
[TimeControl "40/5400+30:1800+30"]
[WhiteClock "0:04:05"]
[BlackClock "0:01:40"]

1. d4 {[%emt 0:00:00]} Nf6 {[%emt 0:03:27]} 2. c4 {[%emt 0:00:00]} e6 {[%emt 0:
03:09]} 3. Nc3 {[%emt 0:00:00]} Bb4 {[%emt 0:00:04]} 4. Qc2 {[%emt 0:00:13]} d5
{[%emt 0:02:52]} (4... O-O) (4... c5) 5. cxd5 {[%emt 0:00:46]} exd5 {[%emt 0:
00:34]} 6. Bg5 {[%emt 0:00:54]} h6 {[%emt 0:01:05]} 7. Bh4 {[%emt 0:00:39]} O-O
{[%emt 0:11:09]} 8. a3 {[%emt 0:13:01]} (8. e3 c5 9. Nf3 Be6 10. Be2 Nbd7 11.
O-O Qa5 12. dxc5 Bxc3 13. bxc3 Rfc8 14. Rab1 Ne4 15. Rfc1 Rxc5 16. c4 Nd6 17.
Nd4 dxc4 18. Be7 Qc7 19. Nxe6 fxe6 20. Rd1 Rd5 21. Qg6 Nf8 22. Bxf8 Rxd1+ 23.
Rxd1 Kxf8 24. Qxe6 c3 25. Bh5 c2 26. Rc1 Rd8 27. g3 Qe7 28. Qxe7+ Kxe7 29. Rxc2
Rc8 30. Rxc8 Nxc8 31. f4 Nd6 32. Be2 Ne4 33. Bd3 Nc3 34. a3 Nd1 35. e4 Nb2 36.
Be2 Kd6 37. Kf2 Kc5 {Le,Q (2697)-Lenderman,A (2623) Las Vegas 2015 1-0}) 8...
Bxc3+ {[%emt 0:09:51]} 9. Qxc3 {[%emt 0:00:09]} b6 {[%emt 0:00:14]} 10. e3 {
[%emt 0:07:59]} g5 {[%emt 0:05:09]} 11. Bg3 {[%emt 0:00:06]} c5 {[%emt 0:00:13]
} 12. Bd3 {[%emt 0:11:24]} cxd4 $1 {[%emt 0:18:33]} 13. Qxd4 {[%emt 0:04:31]}
Nc6 {[%emt 0:00:13]} 14. Qa4 $146 {[%emt 0:00:42]} (14. Qc3 Bb7 15. Ne2 d4 16.
exd4 Re8 17. O-O Ne4 18. Bxe4 Rxe4 19. Rfe1 Rc8 20. Qd3 Nxd4 21. Nxd4 Rxd4 22.
Re8+ Qxe8 23. Qxd4 Qe4 24. Qxe4 Bxe4 25. f3 Bd5 26. Be5 Bb3 27. Bc3 Rd8 28. Kf2
Rd1 29. Rxd1 Bxd1 30. Be5 f5 31. Ke3 Kf7 32. Bb8 a6 33. Bc7 b5 34. f4 gxf4+ 35.
Bxf4 a5 36. Bxh6 b4 37. axb4 axb4 38. Kf4 Kg6 39. Bf8 b3 40. Bb4 Be2 41. Bd2
Bd1 42. Ke5 {1/2-1/2 (42) Olafsson,H (2520)-Barbero,G (2495) Budapest 1989})
14... Bd7 {[%emt 0:06:51]} 15. Bb5 {[%emt 0:03:54]} Ne4 $1 {[%emt 0:05:42] La
pointe!} 16. Bxc6 $5 {[%emt 0:14:13][%csl Re1] Un sacrifice de Q assez risqué
car les Noirs ont une avance de déveoppement.} Nc5 {[%emt 0:00:11]} 17. Bxd7 {
[%emt 0:01:23]} Nxa4 {[%emt 0:00:05]} 18. Bxa4 {[%emt 0:00:05]} b5 {[%emt 0:02:
31]} 19. Bd1 {[%emt 0:02:15]} Qf6 {[%emt 0:15:05]} 20. Nf3 {[%emt 0:01:22]}
Rae8 $32 {[%emt 0:01:18][%csl Re1][%cal Gd5d4,Ge8e1]} (20... Rfe8 {[%cal Ga7a5,
Gb5b4]}) 21. Ra2 {[%emt 0:01:44]} d4 {[%emt 0:01:34]} 22. O-O {[%emt 0:00:44]}
(22. Nxd4 Qxd4) 22... dxe3 {[%emt 0:02:13]} 23. fxe3 {[%emt 0:00:24]} Rxe3 {
[%emt 0:03:01]} 24. Bf2 {[%emt 0:03:12]} Re4 {[%emt 0:01:55]} 25. Nd2 {[%emt 0:
07:43]} Rf4 {[%emt 0:01:20]} 26. g3 {[%emt 0:09:10]} Rf5 {[%emt 0:00:37]} 27.
Bg4 {[%emt 0:00:12]} Rd5 {[%emt 0:01:16]} 28. b4 {[%emt 0:10:02]} Qd8 {[%emt 0:
01:09]} (28... Rfd8) 29. Nb3 {[%emt 0:02:04]} f5 {[%emt 0:01:39]} 30. Be2 {
[%emt 0:00:33]} f4 {[%emt 0:00:14]} 31. Nc5 {[%emt 0:00:27]} fxg3 {[%emt 0:00:
59]} 32. hxg3 {[%emt 0:01:38]} Qe8 {[%emt 0:01:15]} 33. Bd1 $1 {[%emt 0:00:19]
[%csl Rd5,Rg8][%cal Gd1b3,Gb3g8] La paire de B est très forte dans cette
position ouverte et le K Noir est très exposé} Kh8 {[%emt 0:00:26]} 34. Re2 {
[%emt 0:03:04]} Rxd1 $1 {[%emt 0:00:21]} (34... Qg6) 35. Rxe8 {[%emt 0:00:08]}
Rxf1+ {[%emt 0:00:04]} 36. Kxf1 {[%emt 0:00:03]} Rxe8 {[%emt 0:00:02]} 37. Nb3
{[%emt 0:00:54]} Re7 {[%emt 0:00:49]} 38. Nd4 {[%emt 0:00:29]} a6 {[%emt 0:00:
29]} 39. Nb3 {[%emt 0:00:53]} (39. g4 {[%cal Gd4f5]}) 39... Rd7 {[%emt 0:00:52]
} (39... Rc7) 40. Nc5 {[%emt 0:00:00]} Rd6 {[%emt 0:00:00]} 41. g4 {[%emt 0:06:
07]} Kh7 {[%emt 0:01:36]} 42. Bg3 {[%emt 0:02:47]} Rd4 {[%emt 0:08:09]} 43.
Nxa6 {[%emt 0:02:08]} Rxg4 {[%emt 0:00:06]} 44. Kf2 {[%emt 0:03:30]} h5 {
[%emt 0:10:01][%csl Gg5,Gh5] Les Noirs ont des petites chances} 45. Nc7 {
[%emt 0:01:46]} h4 {[%emt 0:00:05]} 46. Bd6 {[%emt 0:00:28]} Rc4 {[%emt 0:02:
31]} (46... h3 47. Nxb5 Rg2+ 48. Kf1 Ra2) 47. Nxb5 {[%emt 0:02:57]} g4 {
[%emt 0:00:12]} 48. Be5 {[%emt 0:08:42]} Kg6 {[%emt 0:04:07]} 49. Nd4 {[%emt 0:
01:12]} g3+ {[%emt 0:02:15]} 50. Kg2 {[%emt 0:00:26]} Kh5 {[%emt 0:01:01]} 51.
Kh3 {[%emt 0:01:43]} Rc1 {[%emt 0:03:28]} 52. Nf3 {[%emt 0:02:50]} Rh1+ {
[%emt 0:02:18]} 1/2-1/2

[Event "Qatar Masters op"]
[Site "Doha"]
[Date "2015.12.28"]
[Round "8"]
[White "Grandelius, Nils"]
[Black "Yu, Yangyi"]
[Result "0-1"]
[WhiteElo "2632"]
[BlackElo "2736"]
[Annotator "Sagar Shah/CB Website"]
[PlyCount "64"]
[EventDate "2015.12.20"]
[EventType "swiss"]
[EventRounds "9"]
[EventCountry "QAT"]
[SourceTitle "CBM 170"]
[Source "ChessBase"]
[SourceDate "2016.01.15"]
[SourceVersion "1"]
[SourceVersionDate "2016.01.15"]
[SourceQuality "1"]

1. d4 Nf6 2. c4 e6 3. Nc3 Bb4 4. Qc2 d5 5. cxd5 exd5 6. Bg5 h6 7. Bh4 c5 8.
dxc5 g5 9. Bg3 Ne4 10. Nf3 Qa5 11. Nd2 Nxc3 12. bxc3 Bxc3 13. Rb1 Nc6 14. e3
Bb4 15. h4 gxh4 16. Rxh4 Qxc5 17. Qa4 Ba5 18. Bb5 Bd7 {White had chances to
snatch the advantage at a prior phase of the game but as things stand right
now he is not worse. The position is around equal. Nils makes a huge blunder
now.} 19. Qf4 $4 Qc2 $1 {A simple double attack on b1 and d2.} 20. Bxc6 (20.
Rd1 {Most probably Grandelius missed that this is losing to} Bxd2+ $1 21. Rxd2
Qb1+ $1 $18 {and the bishop on b5 falls.}) 20... Qxd2+ 21. Kf1 Qd3+ 22. Kg1
Qxb1+ 23. Kh2 Bxc6 24. Qe5+ Kd7 {Black is a rook and a bishop up and White has
absolutely no compensation.} 25. e4 Rhe8 26. Qf5+ Kd8 27. Qxf7 Bd7 28. Qf6+ Kc8
29. exd5 b6 30. Rc4+ Kb7 31. Rc7+ Ka6 32. Rxd7 Re1 0-1

[Event "Gibraltar Masters 14th"]
[Site "Caleta"]
[Date "2016.02.01"]
[Round "7"]
[White "Vidit, Santosh Gujrathi"]
[Black "Yu, Yangyi"]
[Result "1/2-1/2"]
[WhiteElo "2642"]
[BlackElo "2747"]
[Annotator "Vidit,S"]
[PlyCount "120"]
[EventDate "2016.01.26"]
[EventType "swiss"]
[EventRounds "10"]
[EventCountry "GGB"]
[SourceTitle "CBM 171"]
[Source "ChessBase"]
[SourceDate "2016.03.14"]
[SourceVersion "2"]
[SourceVersionDate "2016.03.14"]
[SourceQuality "1"]

{During my preparations for the game, I noticed that Yu played only Nimzo and
Ragozin against 1.d4 and he had excellent preparation and results with them.} 
1. d4 Nf6 2. c4 e6 3. Nc3 Bb4 4. Qc2 {So Nimzo it is!} d5 5. cxd5 exd5 6. Bg5
h6 7. Bh4 c5 8. dxc5 g5 (8... Be6 {was played by Yu on a couple of occasions.})
9. Bg3 Ne4 10. e3 Qa5 11. Be5 {Although it was played by Kasparov against
Short in 1993, this is a comparitively rare line nowadays.} O-O 12. Bd3 Nc6 13.
Bxe4 Nxe5 14. Bxd5 Bf5 {The most direct.} (14... Bg4 {was Short's choice
against Kasparov in their WCh match. He equalised easily in the game, though
the position is still quite rich.}) 15. Qxf5 Bxc3+ 16. Kf1 Rfd8 $1 {Played
instantly by Yu. I was out of my book after this natural move. Engines don't
show this move in the beginning and this came as a nasty surprise.} 17. Rd1 {
Played after a long 45 minute think. After losing the opening battle I was
hoping to find the most stubborn defence. It wasn't easy to calculate the
random lines in the position as Black clearly has the initiative and White's
position looks very dangerous.} (17. Bxf7+ Nxf7 18. bxc3 Qb5+ 19. Ne2 Rd2 20.
Re1 Rad8 {The engine's initial first line looks just hopeless for White!}) (17.
e4 Bxb2 18. Re1 Qd2 19. Bb3 Qd3+ 20. Re2 {was one of the 'scary' ways to play
the game.}) 17... Qxc5 $1 (17... Qxa2 {is an attractive looking move, but
probably not the best.} 18. Qe4 $1 (18. e4 Qc4+ (18... Qxb2 19. Ne2) 19. Ne2
Bxb2 $36) (18. Bxa2 $4 Rxd1+ 19. Ke2 Re1#) 18... Qxb2 19. Ne2 {and White has
untangled himself}) 18. e4 (18. Bxf7+ Kg7 19. Rxd8 Rxd8 20. bxc3 Rd1+ 21. Ke2
Rc1 {This is one of the positions where engines calculate & display the usual
0.00. But for human beings it seems impossible to enter such lines.}) (18. Qe4
{is relatively the best way to play} Qb5+ 19. Ne2 Bxb2 20. g4) 18... Qc4+ {
Played instantly and it is just too pretty!} (18... Qb5+ 19. Ne2 Bxb2 20. g4)
19. Ne2 (19. Bxc4 Rxd1+ 20. Ke2 Re1#) 19... Bxb2 20. g4 $6 {I was already down
to 45 minutes and I couldn't see a very clear way to defend against the
annoying threat of ...Qc2. Here White has to play a series of accurate moves
to equalise.} (20. Qh3 $142 $1 Kg7 21. Qb3 $1 {Computer geometry :)} Qxb3 22.
axb3 $11) 20... Qc2 21. Re1 Rxd5 $1 22. exd5 Nd3 23. Kg2 Nxe1+ 24. Rxe1 Qd2 (
24... Qxf5 25. gxf5 Re8 26. Kf1 b6 {Although Black is slightly better I think
White has decent chances to put up tough resistance.}) 25. Kf1 (25. Qb1 Qxd5+)
25... Re8 {White's pieces are completely stuck. I played my next moves fast as
I didn't see many nice options :).} 26. Qd7 (26. Qf3 {I didn't like this
passive defence. Black can slowly improve his position while White has no
clear plan.} a5) 26... Kf8 $1 (26... Re5 27. Qxb7 $11 {Black can't play ...Bc3
because of the Qc8 check.} (27. d6 Qd5 $19)) 27. Qb5 {Although the position
looks visually bad I didn't see a clear way for Black to increase the pressure.
} Ba3 $1 {I was always thinking about B moves on the a1-h8 diagonal and missed
this simple move.} (27... a6 28. Qb3 b5 (28... Bg7 29. a4) (28... Bf6) 29. d6
$132 {and White can hope to create some practical problems for Black.}) 28. Qc4
$1 {Trying to exchange Qs with ...Qd4 or ...Qc3.} (28. h3 b6 $19 {with ...Bb4
and ...Bc5 coming next, White's position looks hopeless.}) 28... Re5 29. Qd4 (
29. Qc8+ Kg7 30. Qc3 Qxc3 31. Nxc3 Rxe1+ 32. Kxe1 Bb4 33. Kd2 Kf6 34. Kd3 Ke5
$17) 29... Qxd4 30. Nxd4 Rxd5 31. Nf5 {I was very happy to get my N to f5. At
least White doesn't have to suffer passively now.} h5 (31... Rd2 32. Re2) 32.
Ne3 {I played this instantly! Instead h3 would maintain the N on f5 but
without the h-pawns White would lose slowly.} (32. h3 hxg4 33. hxg4 f6 34. Re3
Ra5 35. Rh3 Bc5 $17) 32... Re5 $5 (32... Rd2 {I was more scared of this move}
33. gxh5 Rxa2 34. h6 $1 (34. Ng4 Bb2 $1) 34... Bc5 (34... Kg8 35. Ng4) 35. h4
$1 {A very nice resource! The point is to take away the option of ...Rxh2
after the exchange on e3.} (35. Ng4 Bd4 36. Re4 Ra4 $1 $17) (35. Rd1 Bxe3 36.
fxe3 Rxh2 $19) 35... gxh4 36. Rd1 Kg8 37. Ng4 {and the position is still quite
messy and White has decent activity for a draw.}) 33. gxh5 (33. Rb1 $5 Bc5 $1 (
33... b5 34. gxh5 Kg7 35. Rd1) 34. Rxb7 (34. gxh5 Bxe3 35. fxe3 b6) 34... Bxe3
35. fxe3 hxg4 36. Rxa7 Rxe3 {Sooner or later White will exchange the a-pawn
for the g-pawn. Although not easy maybe White can hold that ending?}) 33... Bc5
34. Rc1 $1 {This looked like the best practical try.} (34. Ng4 Rxe1+ 35. Kxe1
Kg7 {looks lost for White as after Bd4-f5 White will lose the h-pawn and with
it the game.}) 34... Bxe3 35. fxe3 Rxe3 36. Rc8+ $5 {Generally it is not a
good idea to activate the black king by force but here I had a concrete idea
in mind which required the king to be on g7.} (36. h6 Rh3 37. Rc8+ Ke7 38. Rc7+
Ke8 39. Rxb7 Rxh6 (39... Rxh2 40. Rxa7 Rxh6 41. Kg2) 40. Rxa7 Rxh2) (36. Rc5 f6
{Here we see why it was important to provoke the king into going to g7.}) 36...
Kg7 (36... Re8 37. Rc5 f6 38. h6) 37. Rc7 Rh3 (37... Ra3 $5 {was possibly the
best try for Black.} 38. Rxb7 Rxa2 39. h6+ Kg6 (39... Kxh6 40. Rxf7 a5 41. h3
$1 Kg6 (41... a4 42. Rc7 a3 43. Rc3 Kg6 44. Kg1 Kf5 45. Rb3 Ke4 46. Rg3 Kd4 47.
h4 (47. Rf3) 47... gxh4 48. Rh3) 42. Rc7 a4 (42... Kf5 43. Rc4 a4 44. Rb4) 43.
Rc4 {and White has a defensive fortress.}) 40. Kg1 Ra4 41. h7 Rh4 42. Rxa7 Rxh7
43. Kg2 f5 44. Ra6+ Kh5 45. h3 Rh6 46. Ra5 Rf6 47. Ra4 {This looks lost but
the black king is not able to proceed further.}) 38. Kg2 Rxh5 39. Rxb7 a6 40.
Rc7 (40. Ra7 {was my original intention but I chose the game continuation
since it seemed more clear.} Rh6 41. a4 Re6 42. a5 Kg6 43. h4 $1 {A nice
concept!} gxh4 44. Kh3 f6 45. Kxh4 Kf5 46. Kg3 Ke4 47. Rb7 Re5 48. Rb6 Rxa5 49.
Rxf6 $11) 40... Rh4 {After this it is quite easy.} 41. Rc5 Ra4 42. Rxg5+ Kh6
43. Rf5 $5 {The point is to get h4-h5 with a check!} (43. Rc5 Rxa2+ 44. Kg3 a5
45. h4 a4 46. Rc7 Kg7 47. h5 a3 48. h6+) 43... Rxa2+ 44. Kg3 Kg6 45. Rc5 a5 46.
h4 Ra1 47. h5+ {This was why Rf5 was included.} Kg7 48. Rf5 a4 49. h6+ Kxh6 50.
Rxf7 Kg6 51. Rf8 {This looked like the easiest, keeping the king at bay.} (51.
Ra7 Kf5 52. Kg2 Ke4 53. Rg7 Kd3 54. Rg4 {It is important to attack the passed
pawn from the rank and then reach another theoretical draw.}) 51... Kg5 52. Rf3
Re1 53. Kf2 Re4 54. Rc3 Kf5 55. Rc5+ Ke6 56. Ra5 Kd6 57. Kf3 Rh4 58. Ke3 Kc6
59. Kd3 Kb6 60. Ra8 Kb5 {Although the opening was a total disaster, I was
quite happy with the defence especially in the rook endgame.} 1/2-1/2